000 00474 a2200181 4500
005 20260128105105.0
008 260127b |||||||| |||| 00| 0 eng d
020 _a9788183764216
_cRs. 1795.00
040 _aMAIN
082 _a351
_bM289P
100 _aMajumdar, Angshul
245 _aPublic administration in 21st century
260 _bABD Publishers
_c2023
_aJaipur
300 _avi, 216
650 _aPublic Administration
650 _aBureaucracy
942 _cBK
999 _c394425
_d394425